Alfred Hitchcock : (Record no. 15600)
[ view plain ]
| 000 -LEADER | |
|---|---|
| fixed length control field | 04056ngm a22005417a 4500 |
| 006 - FIXED-LENGTH DATA ELEMENTS--ADDITIONAL MATERIAL CHARACTERISTICS--GENERAL INFORMATION | |
| fixed length control field | a|||||s|||||00| 0 |
| 008 - FIXED-LENGTH DATA ELEMENTS--GENERAL INFORMATION | |
| fixed length control field | 110615s2007 mnu|||||s|||| 00| 0 eng d |
| 020 ## - INTERNATIONAL STANDARD BOOK NUMBER | |
| International Standard Book Number | 683904200310 |
| 082 ## - DEWEY DECIMAL CLASSIFICATION NUMBER | |
| Edition number | 22 |
| Classification number | 791.4375 |
| Item number | HIT |
| 245 ## - TITLE STATEMENT | |
| Title | Alfred Hitchcock : |
| Remainder of title | The Legend Begins :20 Movie Classics / |
| Statement of responsibility, etc | directed by Alfred Hitchcock. |
| 260 ## - PUBLICATION, DISTRIBUTION, ETC. (IMPRINT) | |
| Place of publication, distribution, etc | Golden Valley, MN. : |
| Name of publisher, distributor, etc | Mill Creek Entertainment, 2007 |
| Date of publication, distribution, etc | 2007 |
| 300 ## - PHYSICAL DESCRIPTION | |
| Extent | 4 videodiscs : |
| Other physical details | silent and sound, b&w ; |
| Dimensions | 4 3/4 in. |
| 490 ## - SERIES STATEMENT | |
| 9 (RLIN) | 25302 |
| Series statement | Legends Series |
| 505 ## - FORMATTED CONTENTS NOTE | |
| Title | The Chaney vase -- The sorcerer's apprentice -- Blackmail -- Champagne -- Easy virtue -- The farmer's wife -- Jamaica Inn -- Juno and the paycock -- The lady vanishes -- The lodger -- The man who knew too much -- The Manxman -- Number Seventeen -- Rich and strange -- The ring -- Sabotage -- Secret agent -- The skin game -- The thirty-nine steps -- Young and innocent |
| 511 ## - PARTICIPANT OR PERFORMER NOTE | |
| Participant or performer note | Alfred Hitchcock presents The Chaney Vase: Darrin McGavin; The Sorcerer's Apprentice: Brandon De Wilde ; Blackmail: Anny Ondra ; Champagne: Betty Balfour ; Easy Virtue: Isabel Jeans ; The Farmer's Wife: Jameson Thomas ; Jamaica Inn: Charles Laughton ; Juno and the Paycock: Maire O'Neill ; The Lady Vanishes: Margaret Lockwood ; The Lodger: Ivor Novello ; The Man who knew too much: Peter Lorre ; The Manxman: Carl Brisson ; Number Seventeen: Leon M. Lion ; Rich and Strange: Henry Kendall ; The Ring: Carl Brisson ; Sabotage: Oskar Homolka; Secret Agent: John Gielgud ; The Skin Game: C.V. France; The thirty-nine steps: Robert Donat ; Young and Innocent : Derrick DeMarney |
| 520 ## - SUMMARY, ETC. | |
| Summary, etc | Eighteen of Alfred Hitchcock's early films (1926-1939), and two episodes of his television program (1955-1962). Includes 55 minutes of movie trailers spanning Hitchcock's legendary career. |
| 538 ## - SYSTEM DETAILS NOTE | |
| System details note | DVD |
| 653 ## - INDEX TERM--UNCONTROLLED | |
| Resource For college | |
| -- | |
| Arrived date list | June2011 |
| 655 ## - INDEX TERM--GENRE/FORM | |
| Genre/form data or focus term | Silent films |
| -- | 25720 |
| 655 ## - INDEX TERM--GENRE/FORM | |
| Genre/form data or focus term | Thrillers (Motion pictures) |
| -- | 25721 |
| 655 ## - INDEX TERM--GENRE/FORM | |
| Genre/form data or focus term | Fiction films |
| -- | 25722 |
| 700 ## - ADDED ENTRY--PERSONAL NAME | |
| 9 (RLIN) | 25306 |
| Personal name | Hitchcock, Alfred |
| Dates associated with a name | 1899-1980 |
| Relator term | drt |
| 700 ## - ADDED ENTRY--PERSONAL NAME | |
| 9 (RLIN) | 25311 |
| Personal name | McGavin, Darren |
| Dates associated with a name | 1922-2006 |
| Relator term | act |
| 700 ## - ADDED ENTRY--PERSONAL NAME | |
| 9 (RLIN) | 25312 |
| Personal name | De Wilde, Brandon |
| Dates associated with a name | 1942-1972 |
| Relator term | act |
| 700 ## - ADDED ENTRY--PERSONAL NAME | |
| 9 (RLIN) | 25313 |
| Personal name | Ondra, Anny |
| Relator term | act |
| 700 ## - ADDED ENTRY--PERSONAL NAME | |
| 9 (RLIN) | 25314 |
| Personal name | Balfour, Betty |
| Dates associated with a name | 1903-1977 |
| Relator term | act |
| 700 ## - ADDED ENTRY--PERSONAL NAME | |
| 9 (RLIN) | 25315 |
| Personal name | Jeans, Isabel |
| Dates associated with a name | 1891-1985 |
| Relator term | act |
| 700 ## - ADDED ENTRY--PERSONAL NAME | |
| 9 (RLIN) | 25316 |
| Personal name | Thomas, Jameson |
| Dates associated with a name | 1888-1939 |
| Relator term | act |
| 700 ## - ADDED ENTRY--PERSONAL NAME | |
| 9 (RLIN) | 25018 |
| Personal name | Laughton, Charles |
| Dates associated with a name | 1899-1962 |
| Relator term | act |
| 700 ## - ADDED ENTRY--PERSONAL NAME | |
| 9 (RLIN) | 25318 |
| Personal name | O'Neill, Maire |
| Dates associated with a name | 1887-1952 |
| Relator term | act |
| 700 ## - ADDED ENTRY--PERSONAL NAME | |
| 9 (RLIN) | 25319 |
| Personal name | Lockwood, Margaret |
| Dates associated with a name | 1887-1952 |
| Relator term | act |
| 700 ## - ADDED ENTRY--PERSONAL NAME | |
| 9 (RLIN) | 25320 |
| Personal name | Novello, Ivor |
| Dates associated with a name | 1893-1951 |
| Relator term | act |
| 700 ## - ADDED ENTRY--PERSONAL NAME | |
| 9 (RLIN) | 25011 |
| Personal name | Lorre, Peter |
| Relator term | act |
| 700 ## - ADDED ENTRY--PERSONAL NAME | |
| 9 (RLIN) | 25321 |
| Personal name | Brisson, Carl |
| Dates associated with a name | 1893-1958 |
| Relator term | act |
| 700 ## - ADDED ENTRY--PERSONAL NAME | |
| 9 (RLIN) | 25322 |
| Personal name | Lion, Leon M. |
| Dates associated with a name | 1879-1947 |
| Relator term | act |
| 700 ## - ADDED ENTRY--PERSONAL NAME | |
| 9 (RLIN) | 25323 |
| Personal name | Kendall, Henry |
| Dates associated with a name | 1897-1962 |
| Relator term | act |
| 700 ## - ADDED ENTRY--PERSONAL NAME | |
| 9 (RLIN) | 25324 |
| Personal name | Homolka, Oscar |
| Dates associated with a name | 1898-1978 |
| Relator term | act |
| 700 ## - ADDED ENTRY--PERSONAL NAME | |
| 9 (RLIN) | 25325 |
| Personal name | Gielgud, John |
| Dates associated with a name | 1904-2000 |
| Relator term | act |
| 700 ## - ADDED ENTRY--PERSONAL NAME | |
| 9 (RLIN) | 25326 |
| Personal name | France, C. V. |
| Dates associated with a name | 1868-1949 |
| Relator term | act |
| Fuller form of name | Charles V. |
| 700 ## - ADDED ENTRY--PERSONAL NAME | |
| 9 (RLIN) | 25327 |
| Personal name | Donat, Robert |
| Dates associated with a name | 1905-1958 |
| Relator term | act |
| Fuller form of name | Charles V. |
| 700 ## - ADDED ENTRY--PERSONAL NAME | |
| 9 (RLIN) | 25328 |
| Personal name | De Marney, Derrick |
| Dates associated with a name | 1906-1978 |
| Relator term | act |
| Fuller form of name | Charles V. |
| 710 ## - ADDED ENTRY--CORPORATE NAME | |
| 9 (RLIN) | 25307 |
| Corporate name or jurisdiction name as entry element | Mill Creek Entertainment |
| 942 ## - ADDED ENTRY ELEMENTS (KOHA) | |
| Source of classification or shelving scheme | Dewey Decimal Classification |
| Item type | |
| Withdrawn status | Lost status | Source of classification or shelving scheme | Damaged status | Not for loan | Koha collection | Location (home branch) | Sublocation or collection (holding branch) | Shelving location | Date acquired | Cost, normal purchase price | Invoice Number | Koha issues (times borrowed) | Koha full call number | Piece designation (barcode) | Koha date last seen | Koha date last borrowed | Price effective from | Koha item type | Public note | Koha renewals | Materials specified (bound volume or other part) |
|---|---|---|---|---|---|---|---|---|---|---|---|---|---|---|---|---|---|---|---|---|---|
| Dewey Decimal Classification | Baccah | Central Library | Central Library | Second Floor | 15/06/2011 | 235.00 | 12344 | 2 | 791.4375 HIT | 000024215 | 24/08/2022 | 08/03/2021 | 15/06/2011 | CD | DVD - Movie (NB) | DVD 1 | ||||||
| Dewey Decimal Classification | Baccah | Central Library | Central Library | Second Floor | 15/06/2011 | 235.00 | 12344 | 2 | 791.4375 HIT | 000024216 | 11/05/2021 | 08/03/2021 | 15/06/2011 | CD | DVD - Movie (NB) | DVD 2 | 1 | |||||
| Dewey Decimal Classification | Baccah | Central Library | Central Library | Second Floor | 15/06/2011 | 235.00 | 12344 | 2 | 791.4375 HIT | 000024214 | 11/05/2021 | 08/03/2021 | 15/06/2011 | CD | DVD - Movie (NB) | DVD 3 | 1 | Lost In Inventory_2018-08-12 | ||||
| Dewey Decimal Classification | Baccah | Central Library | Central Library | Second Floor | 15/06/2011 | 235.00 | 12344 | 2 | 791.4375 HIT | 000024213 | 11/05/2021 | 08/03/2021 | 15/06/2011 | CD | DVD - Movie (NB) | DVD 4 | 1 | Lost In Inventory_2018-08-12 |